000 00559nam a2200157 4500
999 _c32191
_d60189
005 20201214094403.0
037 _aBC_332 08
_fbroch
040 _aBC-ENSA
_bfre
041 _aang
100 _aBAIROCH, P.
245 _aStatistiques internationales rétrospectives international historical statistics
_nvolume 1
_pLa population active et sa structure the working population and its structure
260 _aBruxelles
_bl'institut de sociologie
_c1968
562 _e exemplaire(s)
942 _c09
653 _aSOCIOLOGIE/LA POPULATION ACTIVE/STRUCTURES